000 00452nam a2200181Ia 4500
001 5084
003 IN-NITTTR
005 20251114233006.0
008 251113s9999||||xx |||||||||||||| ||eng||
040 _beng
040 _cIN-NITTTR
041 _aeng
082 _a512 P 317M
100 _aPearson, Helen R.
245 0 _aModern algebra :
_b a logical approach /
_cPearson, Helen R., Allen, Frank B.
700 _a Allen, Frank B.
942 _2ddc
_cBK
999 _c7720
_d7720